Normal view
MARC view
Entry Personal Name
001 - CONTROL NUMBER
- control field: 82060
003 - CONTROL NUMBER IDENTIFIER
- control field: OSt
005 - DATE AND TIME OF LATEST TRANSACTION
- control field: 20231121161921.0
008 - FIXED-LENGTH DATA ELEMENTS
- fixed length control field: 231121|| aca||aabn | a|a d
040 ## - CATALOGING SOURCE
- Original cataloging agency: OSt
- Transcribing agency: OSt
100 ## - HEADING--PERSONAL NAME
- Personal name: सिंह,गिरवर(दानिक्स)
670 ## - SOURCE DATA FOUND
- Source citation: Work cat.: (OSt)66387: सिंह,गिरवर(दानिक्स), मृत्यु रहस्य दर्पण , 2020









